000 00425nam a22001697a 4500
005 20181016144122.0
008 160503b xxu||||| |||| 00| 0 eng d
020 _a81-203-1180-9
041 _aeng
082 _b1132
_a658.403
100 _aSadagopan S.
_9373
245 _aManagement Information System.
260 _aNew Delhi
_bPrentice hall of India,
_c2005
300 _a217p,
650 _aManagement
_9241
942 _cBK
999 _c440
_d440